000
00305nam a22001337a 4500
008
181012b xxu||||| |||| 00| 0 eng d
020
_a
9780781747158
041
_a
eng
080
_a
616.15
100
_a
9
101
_a
HEM
245
_a
Handbook of Clinical Hematology
_c
Rodgers,G.P
942
_2
udc
_c
BK
999
_c
49536
_d
49536